000 00581nam a2200181 4500
001 148565
003 ES-MaACL
005 20230906202713.0
007 t|
008 070214s1962 sp r ||||1| spa d
100 1 _aStrouse, Charles Ray.
_9108461
245 1 0 _aPuesta a punto de los motores de automovil /
_cpor C. R. Strouse.
250 _a[1ยช ed.].
260 _aMadrid [etc.] :
_bEscuelas Internacionales,
_c1962 (
_fNebreda Hermanos)
300 _a1 v. :
_bil. ;
_c20 cm.
710 2 _aInternational Correspondence Schools.
_95267
852 _aES-MaACL
_jC-21348
_bR.49777
999 _c148565
_d148565